LEADER 00973nam a2200229 4500 001 000000357310 003 CaOOAMICUS 005 20240221134627.0 008 240221s1830 it 000 u ita r 026 $evaa, c.al vai- maso (3) 1830 (R) 040 $aSeMil$bita 100 11$aDati, Carlo Roberto,$d<1619-1676>.$0(OLS)http://semarc/name/73854 245 10$aVolume 1. 264 1$aMilano :$bPer Nicolò Bettoni,$c1830. 300 $a127, [1] p. ;$c8° 500 $aSegn.: [1]? 2-8? 773 0 $aDati, Carlo Roberto <1619-1676>$tVite dei pittori antichi scritte ed illustrate da Carlo Ruberto Dati. Volume 1. [-2.].$dMilano : Per Nicolò Bettoni, 1830.$kLibreria economica$g1$w()357309 850 $aSeMil 852 $aSeMil$W1$xVenegono$y1$m2ZB XI 56 FA$j246458$B248488$CSeMilBibl$Z2$F248488 $8I 996 $6245$aVolume 1$9(OLS)http://semarc/title/46244 996 $6264$aMilano :$bPer Nicolò Bettoni$9(OLS)http://semarc/publisher/36549 LEADER 01039nam a2200265 i 4500 001 000000170100 003 CaOOAMICUS 005 20080312000000.0 008 080312s1971 it u000 u ita u 013 $a147506 040 $aSeMil$bita 100 1 $aBogliolo, Luigi <1910-1999>.$0(OLS)http://semarc/name/4966 245 10$aFilosofia cristiana: problema o dramma? /$cLuigi Bogliolo. 260 $aBrescia :$bCiviltà,$ccopyr. 1971. 300 $a104 p. ;$c18 cm. 490 0 $aNova et vetera 500 $aContiene : Cenno bibliografico. - Fondo Card. Giovanni Colombo. 650 4$aFilosofia cristiana.$0(OLS)http://semarc/subject/280 830 0$aNova et vetera.$0(OLS)http://semarc/title/10366 850 $aSeMil 852 $aSeMil$W1$xVenegono$y1$m2R I 60$j120996$B120996$CSeMilBibl$Z2$F132726 $81 941 1 $a3 961 $aLascito: Colombo Card. Giovanni 996 $6245$aFilosofia cristiana: problema o dramma?$9(OLS)http://semarc/title/243261 996 $6260$aBrescia :$bCiviltà$9(OLS)http://semarc/publisher/35072